000 01009nam a2200265Ia 4500
003 OSt
005 20221005110432.0
006 a|||||r|||| 00| 0
007 ta
008 221004b |||||||| |||| 00| 0 hin d
020 _a8170163668 (hbk)
_c195
024 _a122084
037 _b13338, 23/07/2012, Kitab Ghar
_cTextual
040 _aCRL
_cCRL
_bhin
041 _2hin
_ahin
082 _aV2y7N26, 152P1
100 _aशर्मा, चन्द्रिकाप्रसाद
_9156888
245 0 _aकवि राजनेता अटल बिहारी वाजपेयी
246 _aKavi rājanetā aṭal bihārī vājapeyī
260 _aनई दिल्ली
_bकिताबघर भारत
_c2001
300 _a480पृ0
_ccm.
650 _aविश्व-इतिहास
942 _hV2y7N26, 152P1
_cTEXL
_2cc
999 _c1018798
_d1018798